Worship in the world's religions / (Record no. 125095)

MARC details
000 -LEADER
fixed length control field 00662nam a22002297a 4500
005 - DATE AND TIME OF LATEST TRANSACTION
control field 20170124105949.0
010 ## - LIBRARY OF CONGRESS CONTROL NUMBER
LC control number 182129
020 ## - INTERNATIONAL STANDARD BOOK NUMBER
Terms of availability 00.00
035 ## - SYSTEM CONTROL NUMBER
System control number 182129
037 ## - SOURCE OF ACQUISITION
Source of stock number/acquisition Cen Lib/Ret
040 ## - CATALOGING SOURCE
Original cataloging agency DPL
Language of cataloging EN
082 ## - DEWEY DECIMAL CLASSIFICATION NUMBER
Classification number 291
Item number PAR
100 ## - MAIN ENTRY--PERSONAL NAME
Personal name Parrinder, Geoffrey
9 (RLIN) 12991
245 ## - TITLE STATEMENT
Title Worship in the world's religions /
Statement of responsibility, etc by Geoffery Parrinder
260 ## - PUBLICATION, DISTRIBUTION, ETC. (IMPRINT)
Place of publication, distribution, etc London
Name of publisher, distributor, etc Faber and Faber
Date of publication, distribution, etc 1961
270 ## - ADDRESS
Address 24 Russell Square
City London
Postal code W.C.1
300 ## - PHYSICAL DESCRIPTION
Extent 239p.
Dimensions 21cm(Hb)
500 ## - GENERAL NOTE
General note Includes bibliographical references and index.
650 ## - SUBJECT ADDED ENTRY--TOPICAL TERM
Topical term or geographic name as entry element Worship
9 (RLIN) 12992
650 ## - SUBJECT ADDED ENTRY--TOPICAL TERM
Topical term or geographic name as entry element World religion
9 (RLIN) 12993
942 ## - ADDED ENTRY ELEMENTS (KOHA)
Source of classification or shelving scheme Dewey Decimal Classification
Koha item type English Books
Classification part 291
Call number suffix PAR
Holdings
Withdrawn status Lost status Damaged status Not for loan Home library Current library Date acquired Source of acquisition Cost, normal purchase price Total Checkouts Full call number Barcode Date last seen Date checked out Copy number Cost, replacement price Price effective from Koha item type
        Central Library Central Library 19/06/2015 Cen Lib/Ret 0.00 1 291 PAR 182129 29/09/2018 16/09/2018 1 0.00 19/06/2015 English Books

© Delhi Public Library
Hit Counter
free hit counter